Przedsiębiorstwo na rynku międzynarodowym

Guardado en:
Detalles Bibliográficos
Otros Autores: Schroeder, Jerzy
Formato: Libro
Lenguaje:polaco
inglés
Publicado: Poznań Wydawnictwo Uniwersytetu Ekonomicznego w Poznaniu 2011
Colección:Zeszyty naukowe 180
Materias:
Etiquetas: Agregar Etiqueta
Sin Etiquetas, Sea el primero en etiquetar este registro!

MARC

LEADER 00000nam a2200000 4500
001 0141719
005 20240109073623.5
020 |a 978-83-7417-620-0 
022 |a 1689-7374 
041 0 |a pol 
041 0 |a eng 
044 |a PL 
245 1 0 |a Przedsiębiorstwo na rynku międzynarodowym  |c redaktor naukowy Jerzy Schroeder 
264 1 |a Poznań  |b Wydawnictwo Uniwersytetu Ekonomicznego w Poznaniu  |c 2011 
300 |a 279 s. 
490 1 |a Zeszyty naukowe  |v 180 
830 0 |a Zeszyty naukowe  |v 180 
610 2 0 |a podnikanie medzinárodné 
610 2 0 |a trh medzinárodný 
610 2 0 |a trh zahraničný 
610 2 0 |a podnik rodinný 
610 2 0 |a služby 
610 2 0 |a konkurencieschopnosť 
610 2 0 |a technológie informačné 
610 2 0 |a technológie komunikačné 
610 2 0 |a Poľsko 
700 1 |a Schroeder, Jerzy